Central Library OPAC University of Rajshahi

Boolean algebras / (Record no. 7400)

MARC details
000 -LEADER
fixed length control field 00919cam a22002891 4500
001 - CONTROL NUMBER
control field 7400
003 - CONTROL NUMBER IDENTIFIER
rucl marc code BD-RjUL
005 - DATE AND TIME OF LATEST TRANSACTION
control field 20211208234416.0
008 - FIXED-LENGTH DATA ELEMENTS--GENERAL INFORMATION
fixed length control field 140115s1964 xx 001 0 eng
035 ## - SYSTEM CONTROL NUMBER
System control number (BD-RjUL)7443
System control number (OCoLC)1097009
040 ## - CATALOGING SOURCE
Original cataloging agency DLC
Transcribing agency MBNU
Modifying agency DLC
-- BD-RjUL
Language of cataloging eng
041 ## - LANGUAGE CODE
Language code of text/sound track or separate title eng
080 ## - UNIVERSAL DECIMAL CLASSIFICATION NUMBER
Universal Decimal Classification number 512.89
082 ## - DEWEY DECIMAL CLASSIFICATION NUMBER
Edition number 22
Classification number 511.324
Author mark and year SIB 1964
100 1# - MAIN ENTRY--PERSONAL NAME
Personal name Sikorski, Roman.
9 (RLIN) 23131
245 10 - TITLE STATEMENT
Title Boolean algebras /
Statement of responsibility, etc. Roman Sikorski
250 ## - EDITION STATEMENT
Edition statement 2d ed.
260 ## - PUBLICATION, DISTRIBUTION, ETC. (IMPRINT)
Place of publication, distribution, etc. New York :
Name of publisher, distributor, etc. Academic Press,
Date of publication, distribution, etc. c1964.
300 ## - PHYSICAL DESCRIPTION
Pagination x, 237 p. ;
Size 23 cm.
490 1# - SERIES STATEMENT
Series statement Ergebnisse der Mathematik und ihrer Grenzegebiete, n.F., Bd. 25. Reihe: Reelle Funktionen.
504 ## - BIBLIOGRAPHY, ETC. NOTE
Bibliography, etc Includes bibliographical references and index.
650 #0 - SUBJECT ADDED ENTRY--TOPICAL TERM
Topical term or geographic name as entry element Algebra, Boolean.
9 (RLIN) 20279
830 #0 - SERIES ADDED ENTRY--UNIFORM TITLE
Uniform title Ergebnisse der Mathematik und ihrer Grenzgebiete, v.
Volume number/sequential designation n.F., Bd. 25.
942 ## - ADDED ENTRY ELEMENTS (KOHA)
Source of classification or shelving scheme Dewey Decimal Classification
Koha item type Books
Holdings
Lost status Source of classification or shelving scheme Damaged status Not for loan Collection code Permanent Location Current Location Shelving location Date acquired Source of acquisition Cost, normal purchase price Total Checkouts Full call number Date last seen Copy number Koha item type
  Dewey Decimal Classification   Not For Loan Non-fiction Central Library, University of Rajshahi Central Library, University of Rajshahi   15/11/1965 Zuit 70.00   511.324 SIB 1964 15/01/2014 C-1 Books
  Dewey Decimal Classification     Non-fiction Central Library, University of Rajshahi Central Library, University of Rajshahi Reading Room 01/01/1969 Zeittinger 80.60   511.324 SIB 1964 16/04/2017 C-2 Books